[Event "Stay Safe Play From Home 130"]
[Site "T#645803Emanuel Laske"]
[Date "2020.05.07"]
[Round "2"]
[White "Onlyforchess"]
[Black "Shatarchin7"]
[Result "1-0"]
[WhiteElo "2509"]
[BlackElo "2175"]
[Annotator "TA"]
[PlyCount "77"]
[EventDate "2020.05.07"]
[EventType "swiss (blitz)"]

{[%evp 18,77,-7,-4,201,219,216,217,208,201,186,100,106,96,126,52,49,50,123,91,80,75,94,75,75,75,99,86,226,226,258,254,289,222,248,233,249,249,296,260,382,278,384,292,356,250,240,234,531,534,785,768,691,643,843,832,1193,1143,29979,29980,1732,1688]} 1. e4 c5 2. Nf3 d6 3. d4 cxd4 4. Nxd4 Nf6 5. Nc3 a6 6. Bg5 e6 7. f4 Be7 8. Qf3 h6 9. Bxf6 Bxf6 10. O-O-O Nc6 $2 {B98: Sicilian Najdorf: 6 Bg5 e6 7 f4 Be7, sidelines.} (10... Qb6 $11 {and Black is okay.} 11. Nb3 O-O) 11. Nxc6 $18 bxc6 {[#]} 12. e5 $1 {[%mdl 576] Discovered Attack} Be7 {White is clearly better.} (12... dxe5 13. Rxd8+) 13. exd6 ({Stronger than} 13. Qxc6+ Bd7 $11) 13... Bf6 {[#]} 14. d7+ $146 (14. Ne4 $18) ({Predecessor:} 14. Ne4 Bd7 15. Nxf6+ Qxf6 16. Bd3 O-O 17. Qe4 Qf5 18. Qxf5 exf5 19. Rhe1 Be6 {1-0 (19) Toro Castaneda,E (1996)-Rengifo Astudillo,C (1561) Tunja 2018}) 14... Bxd7 $16 15. Ne4 Be7 16. Nd6+ (16. Bc4 $16) 16... Bxd6 $1 $14 17. Rxd6 {[#] Be2 is the strong threat.} Qe7 ({Better is} 17... Qc7 $1 $14 18. Rd2 O-O) 18. Qd3 Rd8 19. Qd2 O-O 20. Bc4 {Threatens to win with Rd1.} Bc8 21. Rd1 {[%cal Rd6d8]} Rxd6 22. Qxd6 Qf6 (22... Qh4 $16 {is a better defense.}) 23. g3 $18 Bb7 24. Qc7 Ba8 25. Qe5 Qxe5 26. fxe5 {[%mdl 4096] Endgame KRB-KRB} a5 27. Rd7 Rb8 28. b3 g6 (28... Bb7 {might work better.} 29. Rc7 Kf8) 29. a4 h5 30. Kd2 c5 31. Ke3 Bg2 32. Ra7 Bh3 $2 (32... Ra8 33. Rc7 Kf8) 33. Rxa5 Bf5 34. Rxc5 Bxc2 35. Rb5 Rc8 36. a5 {[%cal Ba4a5,Ba5a6,Ba6a7][%mdl 32]} Bf5 37. a6 Bh3 38. a7 Bg2 39. Rb8 {Accuracy: White = 59%, Black = 25%.} 1-0

[Event "Stay Safe Play From Home 130"]
[Site "T#645803Emanuel Laske"]
[Date "2020.05.07"]
[Round "2"]
[White "Kubas"]
[Black "Chessencounter"]
[Result "1-0"]
[WhiteElo "2419"]
[BlackElo "2114"]
[Annotator "TA"]
[PlyCount "141"]
[EventDate "2020.05.07"]
[EventType "swiss (blitz)"]

{[%evp 9,141,16,39,0,4,5,0,-9,0,-10,33,-7,28,46,38,17,25,20,20,13,20,-79,0,-37,-30,-66,-72,-94,-69,-81,-76,-120,-97,-110,-41,-51,-54,-114,-112,-109,-106,-111,-105,-100,-102,-115,-50,-35,-38,-125,-123,-126,-75,-71,0,0,0,-8,0,4,4,0,0,0,14,0,0,0,94,90,100,90,134,90,90,92,104,90,90,83,83,0,243,235,408,368,408,342,351,300,410,308,277,127,133,133,529,482,447,441,1147,1108,1222,1008,939,414,414,414,385,310,29992,29993,29993,29993,29993,29992,29992,29993,29994,29995,29995,29995,29995,29995,29995,29996,29997,29996,29996,29996,29996,29997,29997,29998]} 1. d4 d5 2. c4 Nf6 3. Nf3 c6 4. Nc3 g6 5. Bg5 Bg7 6. Bxf6 {D91: Grünfeld: 4 Nf3 Bg7 5 Bg5.} (6. cxd5 {keeps more tension.} cxd5 7. e3 Nc6 8. Bd3 O-O 9. h3) 6... Bxf6 7. cxd5 cxd5 8. Qb3 {The position is equal.} e6 9. e3 {[#]} Qb6 $146 (9... O-O {is more complex.} 10. Rc1 b6 11. Bb5 Bb7 12. O-O Qd6) ({Predecessor:} 9... Nc6 10. Be2 O-O 11. O-O Bd7 12. Rfc1 Na5 13. Qd1 Rc8 14. Nd2 Nc6 15. a3 Ne7 {0-1 (41) Nayhebaver,M (2491)-Golubka,P (2479) Dzwirzyno 2019}) 10. Be2 O-O 11. Qxb6 axb6 12. O-O Nc6 13. a3 Bd7 14. Rfc1 Rfc8 15. b4 {[#]} (15. Bb5 $11) 15... Ne7 (15... Nxb4 $1 $17 {[%mdl 512]} 16. g3 (16. axb4 Rxa1) 16... Nc6) 16. Kf1 Nf5 17. Ke1 Be7 18. g4 Nd6 19. Ne5 Be8 20. Kd2 f6 21. Nf3 Ne4+ ({Black should play} 21... g5 $17 22. Bd3 h5) 22. Nxe4 $15 dxe4 23. Ne1 (23. Rxc8 $15 Rxc8 24. Ne1) 23... Rxc1 $17 24. Kxc1 {[#]} Bxb4 $1 {[%mdl 512]} 25. Nc2 (25. axb4 Rxa1+) 25... Bc3 26. Rb1 Ba5 27. Bb5 Rc8 (27... Bxb5 $17 28. Rxb5 Kf7) 28. Bxe8 $15 Rxe8 {[%mdl 4096] Endgame KRB-KRN} 29. Nb4 (29. Na1 $15) 29... Rc8+ 30. Kb2 Bxb4 (30... b5 $142 31. Nc2 f5) 31. axb4 $17 {KR-KR} b5 ({Better is} 31... Kf7 $17) 32. Ra1 $1 $11 b6 33. Kb3 Kf7 34. Ra7+ Kg8 35. Rb7 Rc6 36. Rd7 f5 37. g5 Kf8 38. Rxh7 Kg8 (38... Rc1 $1 $11 {remains equal.}) 39. Rb7 Kf8 40. h4 Kg8 41. Kb2 Rd6 42. Rc7 Kf8 43. Kc3 Kg8 44. Rc8+ Kf7 45. Kd2 (45. Kb2 $16) 45... Kg7 $2 (45... e5 $1 $11) 46. Ke2 $18 Kf7 $2 (46... f4 47. Rc7+ (47. exf4 Rxd4 48. Rc7+ Kf8 $18) 47... Kf8 48. exf4 Rxd4) 47. f3 Kg7 48. fxe4 fxe4 49. Kf2 Rd7 50. Kg3 Rf7 51. Re8 (51. Rc6 $18 {is more deadly.}) 51... Rf3+ $16 52. Kg4 {And now Re7+ would win.} Rxe3 $2 {[%mdl 8192] This costs Black the game.} (52... Kf7 $16 {is a better chance.} 53. Rb8 Rxe3) 53. Re7+ $18 Kf8 54. Rxe6 {[%mdl 64] Double Attack} Re1 (54... Kf7 $142 55. Rf6+ (55. Rxb6 Rd3 $16) 55... Kg7 56. Rxb6 Rd3 57. Rxb5 Rxd4 58. Rb7+ Kf8) 55. d5 Rd1 56. d6 Kf7 57. Rxe4 (57. Rf6+ $142 Kg7 58. Kf4) 57... Rxd6 58. h5 gxh5+ 59. Kxh5 Rd4 $2 (59... Rd1 $18 60. Re5 Rh1+ 61. Kg4 Rg1+ 62. Kf3 Rf1+ 63. Ke2 Rh1 64. Rxb5 Kg6) 60. Rxd4 {KR-KPP. White mates.} Ke6 61. Rf4 Ke5 62. Rf1 Kd4 63. g6 Kc4 64. g7 Kxb4 65. g8=Q Kc5 66. Qg4 b4 67. Rf5+ Kd6 68. Qxb4+ Ke6 69. Rg5 Kf6 70. Qxb6+ Kf7 71. Rc5 {Accuracy: White = 65%, Black = 48%.} 1-0

[Event "Stay Safe Play From Home 130"]
[Site "T#645803Emanuel Laske"]
[Date "2020.05.07"]
[Round "2"]
[White "Lamborghini"]
[Black "NagaRam"]
[Result "1-0"]
[WhiteElo "2307"]
[BlackElo "1473"]
[Annotator "TA"]
[PlyCount "39"]
[EventDate "2020.05.07"]
[EventType "swiss (blitz)"]

{[%evp 10,39,54,68,125,96,135,131,276,248,310,300,278,202,386,114,295,286,283,304,325,150,29982,611,608,606,801,793,29972,1391,1388,1380]} 1. e4 e6 2. d4 d5 3. Nc3 dxe4 4. Nxe4 Nf6 5. Nxf6+ Qxf6 6. Nf3 c5 {C10: French with 3 Nc3: Unusual Black 3rd moves and 3...dxe4.} (6... h6 $14) 7. Bg5 $16 Qg6 8. Bd3 f5 {[#]} (8... Qh5 $16 {was necessary.}) 9. Qe2 $146 ({Predecessor:} 9. dxc5 h6 10. Be3 Nc6 11. g3 Be7 12. Qd2 O-O 13. O-O-O {1-0 (37) Zahner,R (1651)-Pluess,R (1508) Stein am Rhein 2014}) 9... h6 10. Bf4 Nc6 11. O-O-O {[#] Strongly threatening d5.} cxd4 $2 (11... Be7 12. Bb5 O-O) 12. Rhe1 $2 (12. Bb5 $18 {is the precise move to win.}) 12... Bc5 $2 (12... Be7 $16) 13. Ne5 Nxe5 14. Qxe5 Bb6 15. Bb5+ ({Not} 15. Bxf5 Qf6 $18) (15. g4 $18 {and the rest is easy.}) 15... Bd7 $2 {[#]} (15... Kf8 $16 16. Bc4 Kg8) 16. Qxe6+ (16. Bxd7+ $142 Kf8 17. Bxe6 Re8 18. Qd5 Bd8 19. Re5 Rxe6 20. Rxe6 Bf6 21. Bd6+ Kg8 22. Rxf6+ {[%mdl 64] Double Attack, Discovered Attack} Kh7 23. Rxg6) 16... Qxe6 17. Rxe6+ Kd8 18. Rd6 Kc7 19. Rxd7+ (19. R6xd4+ $142 Kc8 20. Rc4+ Kd8 21. Rxd7+ {[%mdl 64] Double Attack} Ke8 22. Rxg7+ {[%mdl 64] Discovered Attack} Kf8 23. Rxb7 Rh7 24. Rxh7) 19... Kc8 20. Rxg7 {Black got outplayed after the opening. Accuracy: White = 29%, Black = 10%.} 1-0

[Event "Stay Safe Play From Home 130"]
[Site "T#645803Emanuel Laske"]
[Date "2020.05.07"]
[Round "2"]
[White "Little champs"]
[Black "Mepe_Nika"]
[Result "0-1"]
[WhiteElo "2201"]
[BlackElo "2337"]
[Annotator "TA"]
[PlyCount "108"]
[EventDate "2020.05.07"]
[EventType "swiss (blitz)"]

{[%evp 9,108,11,17,10,14,0,0,-9,0,-45,14,-172,-166,-171,-167,-252,-127,-216,-149,-150,-116,-109,-89,-105,-91,-241,-140,-144,-142,-183,-91,-181,-148,-547,-208,-206,-152,-187,-173,-175,-172,-242,-237,-277,-267,-321,-321,-337,-306,-302,-231,-353,-321,-321,-321,-319,-319,-303,0,-294,-294,-322,-238,-243,-232,-404,-404,-371,-258,-612,-594,-787,-765,-1270,-1270,-29973,-29974,-6621,-9845,-29980,-29981,-29980,-4731,-29989,-29988,-29988,-29988,-29992,-29993,-29996,-29993,-29995,-29994,-29996,-29995,-29995,-29996,-29998,-29999,-29999,-29999]} 1. d4 d5 2. e3 c6 3. Nf3 Bg4 4. c4 e6 5. Qb3 Qb6 6. Ne5 {D02: 1 d4 d5 2 Nf3 sidelines, including 2...Nf6 3 g3 and 2...Nf6 3 Bf4.} Bf5 7. Nc3 {[%cal Rc4d5]} Nf6 8. f3 {The position is equal.} Nbd7 9. g4 {Hoping for Nxd7.} (9. Nd3 {with more complications.} h6 10. Be2 Be7 11. Bd2 O-O 12. O-O) 9... Bg6 {[#]} ({Better is} 9... Qxb3 $1 $15 10. axb3 Bc2) 10. g5 $146 (10. Qxb6 $11 {and White has nothing to worry.} axb6 11. Nxg6 hxg6 12. Kf2) ({Predecessor:} 10. h4 Qxb3 11. axb3 Nxe5 12. dxe5 Nd7 13. f4 h5 14. cxd5 exd5 15. gxh5 Bxh5 16. Bh3 {0-1 (37) Nestorovic,I (1988)-Petrovic,M (2064) Kragujevac 2015}) 10... Nxe5 $19 11. dxe5 Nd7 12. f4 (12. cxd5 {keeps fighting.} Qxb3 13. axb3) 12... Bc5 ({Black should try} 12... dxc4 $19 13. Qxc4 h6 14. gxh6 Qd8) 13. Na4 (13. cxd5 $17 {was worth a try.} exd5 14. Qxb6 axb6 15. Bg2) 13... Qxb3 14. axb3 Bb4+ 15. Bd2 Bxd2+ 16. Kxd2 h6 17. Bd3 (17. gxh6 $17 Rxh6 18. h3) 17... hxg5 (17... Bxd3 $19 18. Kxd3 hxg5) 18. Bxg6 $17 fxg6 19. fxg5 Nxe5 (19... dxc4 $19 {is more deadly.} 20. bxc4 Rh3) 20. cxd5 (20. Nc5 $17) 20... exd5 21. Rag1 $2 {[%mdl 8192]} (21. Nc5 $17 {is a better chance.}) 21... O-O $2 (21... Nf3+ 22. Kc3 Nxg1 23. Rxg1 b6) 22. Rf1 $19 Rf3 23. Rxf3 Nxf3+ $17 {[%mdl 4096] Endgame KRN-KRN} 24. Ke2 Nxg5 25. Nc3 (25. Nc5 $142) 25... Re8 26. Kd3 Ne4 {White must now prevent ...Nf2+.} 27. Nxe4 Rxe4 $19 {KR-KR} ({Resist} 27... dxe4+ 28. Kd4 $19) 28. Ra1 a6 29. Rg1 Kf7 30. Rg2 (30. Rf1+ $142 Kg8 31. h3) 30... Rh4 31. Rf2+ Ke6 32. Rg2 Kf6 33. Rf2+ Ke6 34. Rg2 Rh6 35. Rf2 c5 36. Rg2 b5 37. Rf2 $2 (37. h4 {is a better defense.}) 37... g5 38. Rg2 Rg6 39. h4 $2 (39. e4) 39... g4 40. e4 d4 41. Ke2 Ke5 42. Kd3 g3 43. Ke2 Kxe4 44. h5 Rg5 45. Kf1 c4 (45... d3 $142 46. b4 Rxh5 47. Rxg3 Rh1+ 48. Kg2 {[#]} d2 $1 {[%mdl 512]} 49. Kxh1 d1=Q+ 50. Kh2 cxb4 51. b3 a5 52. Rg2 Qxb3 53. Rg4+ Kf5 54. Rg2 Qe3 55. Kh1 Qh3+ 56. Kg1 Qxg2+ $1 {[%mdl 512]} 57. Kxg2 b3 58. Kf3 b2 59. Ke3 Ke5 60. Ke2 b1=Q 61. Ke3 Qe4+ 62. Kf2 Kf4 63. Kg1 Kf3 64. Kh2 Qc2+ 65. Kh3 Qh7#) 46. b4 d3 {Black mates.} 47. Ke1 Ke3 48. Rg1 g2 49. h6 gxh6 50. b3 d2+ 51. Kd1 Rf5 52. Kc2 Rf1 53. Rxg2 d1=Q+ 54. Kb2 Qb1+ {Accuracy: White = 29%, Black = 53%.} 0-1

[Event "Stay Safe Play From Home 130"]
[Site "T#645803Emanuel Laske"]
[Date "2020.05.07"]
[Round "2"]
[White "SoulofWolf"]
[Black "CastlingArrocco"]
[Result "1-0"]
[WhiteElo "2175"]
[BlackElo "2030"]
[Annotator "NA"]
[PlyCount "109"]
[EventDate "2020.05.07"]
[EventType "swiss (blitz)"]

1. Nf3 {[%emt 0:00:00]} e6 {[%emt 0:00:01]} 2. d4 {[%emt 0:00:00]} d5 {[%emt 0:00:00]} 3. Bg5 {[%emt 0:00:00]} Nf6 {[%emt 0:00:01]} 4. Nbd2 {[%emt 0:00:01]} Be7 {[%emt 0:00:01]} 5. e3 {[%emt 0:00:01]} b6 {[%emt 0:00:00]} 6. Bd3 {[%emt 0:00:00]} Bb7 {[%emt 0:00:00]} 7. c3 {[%emt 0:00:01]} Nbd7 {[%emt 0:00:02]} 8. O-O {[%emt 0:00:00]} c5 {[%emt 0:00:00]} 9. b3 {[%emt 0:00:02]} c4 {[%emt 0:00:00]} 10. bxc4 {[%emt 0:00:01]} dxc4 {[%emt 0:00:00]} 11. Nxc4 {[%emt 0:00:00]} O-O {[%emt 0:00:01]} 12. Ncd2 {[%emt 0:00:01]} h6 {[%emt 0:00:01]} 13. Bh4 {[%emt 0:00:01]} Nd5 {[%emt 0:00:01]} 14. Bxe7 {[%emt 0:00:01]} Qxe7 {[%emt 0:00:00]} 15. Qc2 {[%emt 0:00:01]} Rac8 {[%emt 0:00:03]} 16. Nb1 {[%emt 0:00:04]} Nb4 {[%emt 0:00:02]} 17. Qd2 {[%emt 0:00:00]} Nxd3 {[%emt 0:00:01]} 18. Qxd3 {[%emt 0:00:00]} a5 {[%emt 0:00:01]} 19. Rc1 {[%emt 0:00:01]} Nf6 {[%emt 0:00:01]} 20. Nbd2 {[%emt 0:00:01]} Nd5 {[%emt 0:00:00]} 21. c4 {[%emt 0:00:02]} Nb4 {[%emt 0:00:01]} 22. Qe2 {[%emt 0:00:01]} Ba6 {[%emt 0:00:01]} 23. a3 {[%emt 0:00:01]} Nc6 {[%emt 0:00:02]} 24. Rab1 {[%emt 0:00:00]} Rb8 {[%emt 0:00:01]} 25. Rb3 {[%emt 0:00:01]} f5 {[%emt 0:00:02]} 26. Rcb1 {[%emt 0:00:00]} Qc7 {[%emt 0:00:02]} 27. Ne1 {[%emt 0:00:07]} g5 {[%emt 0:00:01]} 28. Nd3 {[%emt 0:00:01]} f4 {[%emt 0:00:02]} 29. Ne4 {[%emt 0:00:03]} fxe3 {[%emt 0:00:02]} 30. fxe3 {[%emt 0:00:00]} e5 {[%emt 0:00:01]} 31. d5 {[%emt 0:00:01]} Ne7 {[%emt 0:00:02]} 32. d6 {[%emt 0:00:02]} Qd7 {[%emt 0:00:01]} 33. dxe7 {[%emt 0:00:01]} Qxe7 {[%emt 0:00:00]} 34. Ndf2 {[%emt 0:00:03]} Rbc8 {[%emt 0:00:01]} 35. Rxb6 {[%emt 0:00:02]} Bxc4 {[%emt 0:00:01]} 36. Qd2 {[%emt 0:00:01]} Rfd8 {[%emt 0:00:02]} 37. Qe1 {[%emt 0:00:01]} Qxa3 {[%emt 0:00:01]} 38. Rb7 {[%emt 0:00:01]} Bd3 {[%emt 0:00:03]} 39. Nf6+ {[%emt 0:00:02]} Kf8 {[%emt 0:00:02]} 40. Ra1 {[%emt 0:00:05]} Qc3 {[%emt 0:00:03]} 41. Qxc3 {[%emt 0:00:03]} Rxc3 {[%emt 0:00:00]} 42. h3 {[%emt 0:00:01]} Be4 {[%emt 0:00:01]} 43. N6xe4 {[%emt 0:00:01]} Rc2 {[%emt 0:00:01]} 44. Rxa5 {[%emt 0:00:01]} Rd7 {[%emt 0:00:01]} 45. Ra8+ {[%emt 0:00:01]} Ke7 {[%emt 0:00:02]} 46. Raa7 {[%emt 0:00:01]} Rxb7 {[%emt 0:00:01]} 47. Rxb7+ {[%emt 0:00:00]} Ke6 {[%emt 0:00:00]} 48. Kh2 {[%emt 0:00:00]} Kd5 {[%emt 0:00:00]} 49. Rb5+ {[%emt 0:00:01]} Kc4 {[%emt 0:00:01]} 50. Rb8 {[%emt 0:00:00]} Kd5 {[%emt 0:00:02]} 51. Rd8+ {[%emt 0:00:00]} Ke6 {[%emt 0:00:00]} 52. Re8+ {[%emt 0:00:00]} Kf5 {[%emt 0:00:00]} 53. Rh8 {[%emt 0:00:00]} Re2 {[%emt 0:00:01]} 54. Rxh6 {[%emt 0:00:00]} Rxe3 {[%emt 0:00:01]} 55. Ng3+ {[%emt 0:00:02] Tempo (Lag: Av=0.21s, max=0.6s)} 1-0

[Event "Stay Safe Play From Home 130"]
[Site "T#645803Emanuel Laske"]
[Date "2020.05.07"]
[Round "2"]
[White "rohit2007"]
[Black "SecantFX"]
[Result "1-0"]
[WhiteElo "2162"]
[BlackElo "1896"]
[Annotator "NA"]
[PlyCount "41"]
[EventDate "2020.05.07"]
[EventType "swiss (blitz)"]

1. e4 {[%emt 0:00:01]} b6 {[%emt 0:00:01]} 2. Nf3 {[%emt 0:00:01]} Bb7 {[%emt 0:00:00]} 3. Nc3 {[%emt 0:00:01]} c6 {[%emt 0:00:00]} 4. d4 {[%emt 0:00:00]} g6 {[%emt 0:00:00]} 5. e5 {[%emt 0:00:00]} Bg7 {[%emt 0:00:00]} 6. Be3 {[%emt 0:00:00]} e6 {[%emt 0:00:01]} 7. Qd2 {[%emt 0:00:00]} Ne7 {[%emt 0:00:00]} 8. h4 {[%emt 0:00:00]} O-O {[%emt 0:00:00]} 9. h5 {[%emt 0:00:00]} Nf5 {[%emt 0:00:00]} 10. hxg6 {[%emt 0:00:00]} fxg6 {[%emt 0:00:01]} 11. Be2 {[%emt 0:00:03]} Nxe3 {[%emt 0:00:01]} 12. fxe3 {[%emt 0:00:00]} Qe7 {[%emt 0:00:02]} 13. O-O-O {[%emt 0:00:00]} c5 {[%emt 0:00:01]} 14. Rh3 {[%emt 0:00:04]} cxd4 {[%emt 0:00:01]} 15. exd4 {[%emt 0:00:01]} Rf7 {[%emt 0:00:01]} 16. Rdh1 {[%emt 0:00:01]} Bf8 {[%emt 0:00:01]} 17. Ng5 {[%emt 0:00:00]} Rg7 {[%emt 0:00:01]} 18. Rxh7 {[%emt 0:00:00]} Rxh7 {[%emt 0:00:01]} 19. Rxh7 {[%emt 0:00:00]} Qb4 {[%emt 0:00:03]} 20. Qf4 {[%emt 0:00:05]} Bg7 {[%emt 0:00:10]} 21. Qf7# {[%emt 0:00:02] (Lag: Av=0.38s, max=0.7s)} 1-0

[Event "Stay Safe Play From Home 130"]
[Site "T#645803Emanuel Laske"]
[Date "2020.05.07"]
[Round "2"]
[White "Lazieri3"]
[Black "Indianquant"]
[Result "0-1"]
[WhiteElo "2038"]
[BlackElo "2317"]
[Annotator "TA"]
[PlyCount "72"]
[EventDate "2020.05.07"]
[EventType "swiss (blitz)"]

{[%evp 9,72,-5,-1,-20,0,-7,4,0,11,0,24,14,8,16,33,21,45,28,43,21,96,81,80,79,94,91,104,13,15,14,23,6,12,6,18,0,0,-25,-12,-10,0,0,0,0,0,-51,0,-97,-44,-197,-79,-77,-46,-181,-173,-5289,-5269,-2059,-1984,-29995,-29996,-29996,-29997,-29998,-29999]} 1. e4 c5 2. Nc3 Nc6 3. Nf3 g6 4. d3 Bg7 5. Be3 d6 6. Qd2 {B30: Sicilian: 2...Nc6 3 Bb5, lines without ...g6.} Bg4 7. Be2 Bxf3 8. Bxf3 {The position is equal.} e6 {[#]} 9. a3 $146 ({Predecessor:} 9. Rb1 Qa5 10. g3 Nd4 11. Bg2 Ne7 12. a3 O-O 13. b4 Qxa3 14. Bxd4 cxd4 15. Nb5 {0-1 (27) Moran Canseco,J-Ortega Lozano,M Valladolid 1989}) 9... h6 10. O-O Nge7 11. g3 Rb8 12. Bg2 Nd4 13. f4 Qd7 14. Rab1 O-O {[#]} (14... b6 $11) 15. f5 $1 $16 {[%cal Rf5f6]} exf5 16. Bxh6 b5 17. Bxg7 Kxg7 18. Ne2 (18. exf5 $16 {And now f6+ would win.} Nexf5 19. Nd5) 18... Nxe2+ $11 19. Qxe2 fxe4 20. Bxe4 Rfe8 21. Qf2 Ng8 22. Rbe1 Re5 23. b3 Qe7 24. Bg2 f5 (24... Nh6 {looks sharper.} 25. Bd5 f6 26. h3 Nf5 27. Re4 Rh8) 25. Rxe5 dxe5 26. g4 fxg4 27. Be4 ({White should try} 27. Qg3 $11) 27... Nf6 (27... Rb6 $15) 28. Qg3 (28. Bxg6 $11 {keeps the balance.} Kxg6 29. Qf5+ Kg7 30. Qg5+ Kf7 31. Qh5+ Ke6 32. Qf5+ Kd5 33. c4+ bxc4 34. bxc4+ Kd6 35. Qxf6+ Qxf6 36. Rxf6+ Kd7 37. Kf2) 28... Rh8 (28... c4 $17) 29. Rf2 $2 {[#]} (29. Qe3 $15) 29... Nxe4 (29... Rh3 $1 $19 {[%cal Rh3g3] is more deadly.} 30. Qg2 c4) 30. dxe4 $19 {[%mdl 4096] Endgame KQR-KQR} Qg5 {Threatens to win with ...Rh3.} 31. Qd3 (31. Qc3 $1 $15) 31... Rd8 $36 {[%mdl 2048] Black is really pushing.} 32. Qxb5 $2 (32. Qc3) 32... g3 {( -> ...gxh2+)} 33. Qb7+ Kh6 34. Rf7 gxh2+ {Black mates.} 35. Kxh2 Rd2+ {[%mdl 64] Double Attack} 36. Kh3 Qg2+ {Accuracy: White = 55%, Black = 78%.} 0-1

[Event "Stay Safe Play From Home 130"]
[Site "T#645803Emanuel Laske"]
[Date "2020.05.07"]
[Round "2"]
[White "EL sanbary"]
[Black "Haxhi Baha"]
[Result "0-1"]
[WhiteElo "1979"]
[BlackElo "2034"]
[Annotator "NA"]
[PlyCount "52"]
[EventDate "2020.05.07"]
[EventType "swiss (blitz)"]

1. c4 {[%emt 0:00:01]} e6 {[%emt 0:00:01]} 2. g3 {[%emt 0:00:01]} d5 {[%emt 0:00:00]} 3. cxd5 {[%emt 0:00:02]} c6 {[%emt 0:00:00]} 4. dxe6 {[%emt 0:00:01]} Bxe6 {[%emt 0:00:01]} 5. Bg2 {[%emt 0:00:01]} Nf6 {[%emt 0:00:00]} 6. Nf3 {[%emt 0:00:01]} Bc5 {[%emt 0:00:01]} 7. O-O {[%emt 0:00:00]} O-O {[%emt 0:00:01]} 8. Nc3 {[%emt 0:00:00]} Nbd7 {[%emt 0:00:01]} 9. d4 {[%emt 0:00:00]} Bb6 {[%emt 0:00:00]} 10. e4 {[%emt 0:00:01]} h6 {[%emt 0:00:01]} 11. Bf4 {[%emt 0:00:02]} Nh5 {[%emt 0:00:02]} 12. Qd2 {[%emt 0:00:02]} Nxf4 {[%emt 0:00:02]} 13. gxf4 {[%emt 0:00:00]} Re8 {[%emt 0:00:02]} 14. f5 {[%emt 0:00:01]} Bc4 {[%emt 0:00:01]} 15. Rfe1 {[%emt 0:00:01]} a5 {[%emt 0:00:02]} 16. b3 {[%emt 0:00:01]} Ba6 {[%emt 0:00:02]} 17. Rad1 {[%emt 0:00:01]} Nf6 {[%emt 0:00:02]} 18. d5 {[%emt 0:00:01]} cxd5 {[%emt 0:00:02]} 19. exd5 {[%emt 0:00:01]} Re2 {[%emt 0:00:01]} 20. Rxe2 {[%emt 0:00:01]} Qd6 {[%emt 0:00:01]} 21. Ne4 {[%emt 0:00:01]} Nxe4 {[%emt 0:00:02]} 22. Rxe4 {[%emt 0:00:00]} a4 {[%emt 0:00:01]} 23. bxa4 {[%emt 0:00:02]} Rd8 {[%emt 0:00:04]} 24. Ree1 {[%emt 0:00:03]} Bc7 {[%emt 0:00:02]} 25. Ne5 {[%emt 0:00:01]} f6 {[%emt 0:00:01]} 26. Ng6 {[%emt 0:00:02]} Qxh2# {[%emt 0:00:01] (Lag: Av=0.78s, max=1.4s)} 0-1

[Event "Stay Safe Play From Home 130"]
[Site "T#645803Emanuel Laske"]
[Date "2020.05.07"]
[Round "2"]
[White "Edmatuag"]
[Black "Mamutones"]
[Result "0-1"]
[WhiteElo "1636"]
[BlackElo "1804"]
[Annotator "NA"]
[PlyCount "80"]
[EventDate "2020.05.07"]
[EventType "swiss (blitz)"]

1. e4 {[%emt 0:00:01]} e5 {[%emt 0:00:01]} 2. Nf3 {[%emt 0:00:02]} Nc6 {[%emt 0:00:00]} 3. Bb5 {[%emt 0:00:01]} Bc5 {[%emt 0:00:01]} 4. O-O {[%emt 0:00:03]} Nd4 {[%emt 0:00:00]} 5. Be2 {[%emt 0:00:05]} Qf6 {[%emt 0:00:01]} 6. Nxd4 {[%emt 0:00:02]} Bxd4 {[%emt 0:00:01]} 7. d3 {[%emt 0:00:01]} Ne7 {[%emt 0:00:03]} 8. Nc3 {[%emt 0:00:02]} c6 {[%emt 0:00:02]} 9. Be3 {[%emt 0:00:01]} h6 {[%emt 0:00:03]} 10. Bg4 {[%emt 0:00:04]} g5 {[%emt 0:00:02]} 11. Bxd4 {[%emt 0:00:03]} exd4 {[%emt 0:00:01]} 12. Ne2 {[%emt 0:00:00]} c5 {[%emt 0:00:02]} 13. f4 {[%emt 0:00:02]} Qg7 {[%emt 0:00:01]} 14. Bh5 {[%emt 0:00:03]} Ng6 {[%emt 0:00:03]} 15. f5 {[%emt 0:00:04]} Ne5 {[%emt 0:00:01]} 16. Ng3 {[%emt 0:00:03]} d6 {[%emt 0:00:02]} 17. Bf3 {[%emt 0:00:02]} Bd7 {[%emt 0:00:01]} 18. Nh5 {[%emt 0:00:01]} Qf8 {[%emt 0:00:02]} 19. f6 {[%emt 0:00:00]} O-O-O {[%emt 0:00:02]} 20. Ng7 {[%emt 0:00:01]} Rg8 {[%emt 0:00:02]} 21. h3 {[%emt 0:00:03]} Rxg7 {[%emt 0:00:01]} 22. fxg7 {[%emt 0:00:01]} Qxg7 {[%emt 0:00:00]} 23. Bg4 {[%emt 0:00:00]} Nxg4 {[%emt 0:00:02]} 24. hxg4 {[%emt 0:00:00]} Qg6 {[%emt 0:00:02]} 25. Qf3 {[%emt 0:00:01]} Be6 {[%emt 0:00:01]} 26. Kh2 {[%emt 0:00:02]} Rh8 {[%emt 0:00:02]} 27. Kg3 {[%emt 0:00:01]} h5 {[%emt 0:00:01]} 28. Qf6 {[%emt 0:00:02]} h4+ {[%emt 0:00:04]} 29. Kh3 {[%emt 0:00:02]} Qxf6 {[%emt 0:00:03]} 30. Rxf6 {[%emt 0:00:00]} Kd7 {[%emt 0:00:00]} 31. Raf1 {[%emt 0:00:01]} Ke7 {[%emt 0:00:01]} 32. R6f3 {[%emt 0:00:02]} Rc8 {[%emt 0:00:02]} 33. Rf6 {[%emt 0:00:00]} c4 {[%emt 0:00:01]} 34. b3 {[%emt 0:00:01]} cxd3 {[%emt 0:00:01]} 35. cxd3 {[%emt 0:00:01]} Rc3 {[%emt 0:00:00]} 36. R1f3 {[%emt 0:00:01]} Rxd3 {[%emt 0:00:02]} 37. Rxd3 {[%emt 0:00:02]} Kxf6 {[%emt 0:00:01]} 38. Rxd4 {[%emt 0:00:00]} Ke5 {[%emt 0:00:00]} 39. Rb4 {[%emt 0:00:00]} b6 {[%emt 0:00:01]} 40. Rb5+ {[%emt 0:00:01]} d5 {[%emt 0:00:01] Time (Lag: Av=0.82s, max=1.6s)} 0-1